| 000 | 00847nam a2200241 a 4500 | ||
|---|---|---|---|
| 001 | 000022687 | ||
| 005 | 20200930021735.0 | ||
| 008 | 101115s1966 sp ad r 000 0 spa d | ||
| 040 |
_aDO-SdBNP _bspa _cBNPHU |
||
| 082 |
_axxx _bD139s |
||
| 100 | 1 |
_aDale, Ernest _946644 |
|
| 245 | 1 | 3 |
_aEl staff en la empresa / _cErnest Dale , Ludndall F. Urwick ; traducción Pedro de la LLosa , María Luisa Oyarzábal. |
| 250 | _a2a ed. | ||
| 260 |
_aBilbao : _bEdiciones Deusto, _c1966. |
||
| 300 |
_a221 p. : _bil., diag. ; _c25 cm. |
||
| 490 | 1 | _aClásicos de gestión | |
| 504 | _aIncluye referencias bibliográficas y notas al pie de las páginas. | ||
| 700 | 1 |
_aUrwick, Lyndall F., _946645 |
|
| 700 | 1 |
_aLlosa, Pedro de la, _etr. _946646 |
|
| 700 | 1 |
_aOyarzábal, María Luisa, _etr. _946647 |
|
| 830 | 0 |
_aClásicos de gestión _946648 |
|
| 049 | _aBNGR | ||
| 999 |
_c22184 _d22184 |
||